00459nam a2200157Ia 4500008004100000040001900041041001200060082002400072100002200096245005600118260004500174300002500219650001400244651002500258850001800283131103s9999 xx 000 0 und d aLoreto College aEnglish a372/SMIbLCBED/1712 aSmith, W.O.Lester 4aThe library in the primary schoolcW.O.Lester Smith aLondonbSchool library associationc1958 a100p.b ill.c 22cm. aEducation aElementary education aLCBED/372/SMI